000 00296nam a2200121Ia 4500
008 190905s9999||||xx |||||||||||||| ||und||
020 _a978-93-325-7388-8
100 _aThomas L. Floyd
245 0 _aPrinciples of Electric Circuits
260 _aIndia
_bPearson
_c2018
300 _a974
942 _cBK
999 _c5832
_d5832